MARC

LEADER 00000nam0a2200000 4500
001 300428
005 20231102001312.0
035 |a (RuTPU)RU\TPU\book\325581 
090 |a 300428 
100 |a 20150710d1982 k y0rusy50 ca 
101 0 |a rus 
102 |a RU 
105 |a a z 001zy 
200 1 |a Комплексы оборудования и агрегаты для добычи угля подземным способом  |f Академия наук СССР (АН СССР), Институт горного дела им. А. А. Скочинского (ИГД) ; под ред. Н. А. Архипова 
210 |a Москва  |c Изд-во Ин-та горного дела  |d 1982 
215 |a 139 с.  |c ил. 
225 1 |a Институт горного дела им. А. А. Скочинского. Научные сообщения  |v Вып. 208 
320 |a Библиогр. в конце ст. 
606 1 |a Горные машины выемочные  |x Эксплуатация  |2 stltpush  |3 (RuTPU)RU\TPU\subj\7912  |9 35427 
610 1 |a безлюдная выемка 
610 1 |a механизированные крепи 
610 1 |a горно-геологические условия 
610 1 |a типизация 
610 1 |a оптимизация 
610 1 |a угледобывающие комплексы 
610 1 |a выемочные машины 
675 |a 622.232.8  |v 4 
702 1 |a Архипов  |b Н. А.  |4 340 
712 0 2 |a Академия наук СССР (АН СССР)  |b Институт горного дела им. А. А. Скочинского (ИГД)  |c (Люберцы)  |2 stltpush  |3 (RuTPU)RU\TPU\col\11351 
801 1 |a RU  |b 63413507  |c 20150710 
801 2 |a RU  |b 63413507  |c 20190619  |g RCR 
942 |c BK